000 02361cam a22003135a 4500
001 L159577
008 090810s2017 xxk f 000 0 eng d
020 _a9781783211913
035 _a(Sirsi) u159577
041 0 _aeng
050 0 4 _a336.21 $2 18
110 2 _aRoyal Institution of Chartered Surveyors
_94900
245 0 0 _aRating appeals
_bRICS guidance note
_h[electronic resource]
250 _a4th ed.
260 _aLondon
_bRICS
_c2017
300 _a20p.
490 0 _aRICS Guidance Note
505 2 _aAcknowledgments -- RICS professional standards and guidance -- Introduction -- Part 1: how to make an appeal -- Part 2: appearing at valuation tribunals -- Appendix A: Appellant?s comparables ? rents and analyses -- Appendix B: Example of a valuation for rating purposes -- Appendix C: Statement of Truth and declarations to be included in an expert?s report or attached to a valuation -- Appendix D: Leading case on the role of expert witnesses
520 _aOffers best practice advice to surveyors who may be required to appear before Valuation Tribunals (VT) either on behalf of a ratepayer client or as, or on behalf of, a valuation officer (VO) when dealing with an appeal arising from a proposal to alter a rating list. Provides an outline of the rating appeal system in England and Wales, describing the various processes involved in making a proposal to alter a rating list. This guidance note should be applied in conjunction with the joint RICS/IRRV/RSA Rating consultancy code of practice, 4th edition, March 2017, which has been adopted as a mandatory professional statement of RICS.
520 _aSupersedes 3rd edition, effective from 1st April 2017.
520 _aThis guidance note was in force from April 2017 to July 2019. For its time in force it should be applied in conjunction with the joint RICS/IRRV/RSA Rating consultancy code of practice, 4th edition, March 2017, which has been adopted as a mandatory professional statement of RICS.
521 _aAdvanced
590 _aKA NTK
650 2 4 _aRATING
651 4 _aENGLAND AND WALES
690 _aPROPERTY-COMMERCIAL PROPERTY-COMMERCIAL PROPERTY TAXATION-BUSINESS RATES
856 4 1 _uhttps://www.isurv.com/downloads/file/7306/archive_rating_appeals_4th_edition_april_2017%E2%80%93july_2019
_zArchived on i-Surv (Subscription required)
942 _n0
_2ddc
999 _c116017
_d116017